000 00372nam a2200169Ia 4500
001 553
005 20260306140526.0
008 260306t9999||||xx |||||||||||||| ||spa||
041 _aESP
082 _a128
_bB17
100 _aBalmes, Jaime Luciano, 1810-1848
_eAUT
245 0 _aEl criterio
300 _a
_c
650 _aGEN
654 _aCHU
942 _cLIB
_dJUS
_fJUS
_2ddc
_n
999 _c553
_d553